| 000 | 00759nam a22002177a 4500 | ||
|---|---|---|---|
| 999 |
_c11953 _d11953 |
||
| 003 | AR-CdUCM | ||
| 008 | 190405b ||||| |||| 00| 0 spa d | ||
| 040 |
_aMUNICIPALIDAD PROVINCIAL DEL CUSCO _cBIBLIOTECA MUNICIPAL DEL CUSCO |
||
| 082 |
_a985.62 / _bR811 / 1954 |
||
| 100 |
_aRossello Paredes, J. Alberto _929588 |
||
| 245 | _aMurales de Azángaro / | ||
| 260 |
_aPuno : _b Laikokota, _c1954. |
||
| 300 |
_a116 páginas ; _c22 cm. |
||
| 505 | _aContenido: Azángaro -- Fundación de Azángaro -- Tradiciones de Azángaro -- Impresiones de Viajes -- Narraciones de Santi Quiro ... | ||
| 650 |
_aAzángaro Puno _929589 |
||
| 650 |
_aPerú _935 |
||
| 650 |
_aLeyendas de Perú _929590 |
||
| 650 |
_aFolclore _93233 |
||
| 942 |
_2ddc _cLIBROS |
||
| 945 | _acmm | ||